15 Cities in Tokyo Prefecture - Statistics

General Stats
  • This quiz has been taken 12 times
  • The average score is 11 of 15
Answer Stats
Population City Ward % Correct
14.2M Tokyo N/A
92%
422,828 Shinagawa Shinagawa Ward
83%
349,835 Shinjuku Shinjuku Ward
83%
940,000 Setagaya Setagaya Ward
75%
695,043 Adachi Adachi Ward
67%
695,757 Edogawa Edogawa Ward
67%
579,399 Hachioji Hachioji Ward
67%
580,000 Itabashi Itabashi Ward
67%
453,093 Katsushika Katsushika Ward
67%
355,213 Kita Kita Ward
67%
543,730 Koto Koto Ward
67%
399,969 Machida Machida Ward
67%
749,451 Nerima Nerima Ward
67%
152,104 Ota Ota Ward
67%
588,354 Suginami Suginami Ward
67%
No matching quizzes found
Score Distribution
Percent of People with Each Score
Percentile by Number Answered
Your Score History
You have not taken this quiz